00415 2200169 4500245004500000020002200045250001100067100002000078700001600098650001700114005001900131260004100150041001400191084000800205300002300213336000900236 aHijab For SisterscAnastasha HardihText a978-602-04-5379-8 aCet. 4 aAnastasha Hardi aDion Rahman aNovel Islami a20240125140544 aJakartabElex Media Komputindoc2019 aIndonesia a813 a262 hlm. :c19 cm. atext